000 01119cam a22003018a 4500
001 (FIPpSEB)EN036789
005 20200320185556.0
008 100205s2011 njua j b 001 0 eng
010 _a 2010003276
020 _a9780766036789
035 _a(FIPpSEB)EN036789
040 _aDLC
_cDLC
050 0 0 _aQL544.2
_b.S7454 2011
082 0 0 _a595.78/9
_222
100 1 _aStewart, Melissa.
_946162
245 1 0 _aButterfly or moth? :
_bhow do you know? /
_cMelissa Stewart.
260 _aBerkeley Heights, NJ :
_bEnslow,
_cc2011.
300 _a24 p. :
_bcol. ill. ;
_c20 x 24 cm.
490 0 _aWhich animal is which?
504 _aIncludes bibliographical references and index.
520 _a"Explains to young readers how to tell the difference between butterflies and moths"--Provided by publisher.
650 0 _aButterflies
_vJuvenile literature.
_95683682
650 0 _aMoths
_vJuvenile literature.
_95734665
852 _915.95
942 _cBOOK
_022
948 _a11/28/2011
_zSirsi
996 _a87361
_b34301001044116
_cE
_dbk
_ewcl
_fi
_g22
_h20.73
_lsebco
_mSte
_p02/23/2012
_q03/13/2020
_r03/04/2020
999 _c276565
_d276565